Statistics for Rainbow Six Siege Tacticals/Operators

Click here to take the quiz!

General Stats

  • This quiz has been taken 215 times
  • The average score is 24 of 39

Answer Stats

HintAnswer% Correct
AttackAsh
89%
AttackThermite
86%
DefenceSmoke
85%
AttackiQ
84%
AttackSledge
84%
AttackBlitz
83%
DefenceCastle
83%
AttackBuck
82%
DefenceJager
82%
DefenceMute
82%
AttackBlackbeard
81%
AttackGlaz
81%
DefencePulse
81%
DefenceRook
81%
DefenceBandit
80%
DefenceDoc
80%
DefenceFrost
80%
AttackFuze
80%
AttackThatcher
79%
DefenceKapkan
78%
DefenceTachanka
78%
AttackTwitch
76%
AttackMontagne
75%
DefenceMira
74%
AttackHibana
72%
AttackJackal
72%
DefenceEcho
71%
DefenceValkyrie
69%
AttackCapitao
64%
DefenceCaveira
64%
DefenceDeployable Shield
9%
AttackFrag Grenade
9%
DefenceNitro Cell
9%
DefenceBarbed Wire
8%
AttackFlash Grenade
8%
AttackImpact Grenade
8%
AttackClaymore
7%
AttackSmoke Grenade
7%
AttackBreach Charge
6%

Score Distribution

Percentile by Number Answered

Percent of People with Each Score

Your Score History

You have not taken this quiz